000
00310 a2200133 4500
001
153880
040
_c
Escola São Tomás de Aquino
100
_a
PACEI, Cristina
240
1
0
_a
Os gnomos do bosque
_l
por
245
1
0
_a
Os gnomos do bosque
362
0
_a
1990
697
_a
*LITERATURA INFANTIL
942
_c
BK
999
_c
153880
_d
153880